000 00481nam a2200169Ia 4500
003 GCL
008 140319s9999 xx 000 0 eng d
040 _aGCL /
_cGCL
082 0 4 _a616.8914
_bW P
100 1 _aWINTER, DAVID A.
245 1 0 _aPERSONAL CONSTRAUCT PSYCHOLOGY IN CLINICAL PRACTICE /
_cWINTER, DAVID A.
260 _a[S.N] :
_bROUTLEDGE ،
_c1994
300 _a464 P
650 0 4 _aPERSONAL CONSTRUCT THERAPY
650 0 4 _aPERSONAL CONSTRUCT THEORY
942 _2ddc
_cBK
999 _c17821
_d17821